Mirande - Choix Multiples - Statistiques

Statistiques générales
  • Ce quiz a été pris 6 fois
  • Le résultat moyen est 6 sur 10
Statistiques - réponses
Question Réponse % Correct
Quelle image représente l'église de la ville ?
83%
De 1962 à 1975, la ville accueille dans des hameaux de forestage (camps de travail en forêt) des ressortissants algériens s'étant battus pour la France, aussi appelés... Harkis
83%
Mirande est connue pour accueillir le 1er festival européen de... Country
67%
Cette ville fut l'œuvre d'un "bâtisseur de bastides" qui construisit entre autres Plaisance-du-Touch, Montréjeau, Fleurance, Cazères, Saint-Lys ou encore Grenade. Il s'agissait de... Eustache de Beaumarchais
67%
Mirande est "ville amie" avec une commune d'Alsace connue pour sa centrale nucléaire. Il s'agit de... Fessenheim
67%
Le nom de la ville, "Mirande", vient d'un terme architectural désignant... Une tour de guet
67%
La ville est potentiellement exposée à un risque de submersion liée à sa proximité avec le barrage d'une commune du Nord des Hautes-Pyrénées, possédant justement un grand lac. Il s'agit de... Puydarrieux
50%
Au début du XIVe siècle, la ville devint la capitale du comté... d'Astarac
33%
De quelle autre (et unique) commune est composée l'unité urbaine de Mirande ? Saint-Martin
33%
En 1526, la ville est mise sous blocus par la comtesse Marthe qui bombarde les habitants depuis le clocher du couvent car... Ils ont insulté ses enfants.
0%
Aucun quiz correspondant
Distribution des résultats
% des personnes avec chaque résultat
Percentile par nombre de réponses
Votre historique - résultats
Vous n’avez pas pris ce quiz